000 004670000a22001810004500
003 MACL
005 20151028132316.0
008 151028b xxu||||| |||| 00| 0 eng d
040 _aMACL
_cMACL
041 _aEnglish
082 _a100/KUM
100 _aKumar, Girja
_93247
245 _aBrahmacharya Gandhi & His Women Assciates
260 _bVitasta Publishing P Ltd
_c2008
_aNew Delhi
350 _a295
650 _aPhilosophy
_917159
942 _cBK
_k100/KUM
_2ddc
999 _c43952
_d43952